| 000 | 00551nam a22001817a 4500 | ||
|---|---|---|---|
| 003 | 0 | ||
| 005 | 20160609170059.0 | ||
| 008 | 101119t xxu||||| |||| 00| 0 eng d | ||
| 040 |
_aBUAC _cBEPAC |
||
| 100 |
_aAzondekon, Roseric _911180 |
||
| 130 |
_lfr _911181 |
||
| 245 | _aContrôle de qualité des moustiquaires impregnées commercialisées ou distribuées au Benin | ||
| 260 |
_aEPAC-UAC _bEPAC-UAC _c2006-2007 |
||
| 300 | _aXIX-73p. | ||
| 650 |
_aMoustiquaire impregnée _bpaludisme _911182 |
||
| 700 |
_aVigninou, Estelle _911183 |
||
| 942 | _cTHE | ||
| 999 |
_c48270 _d48270 |
||